Teorie nedostatkové ekonomiky 3

Enregistré dans:
Détails bibliographiques
Auteur principal: Kornai, János
Format: Livre
Langue:tchèque
Publié: Praha Ekon. ústav ČSAV 1982
Édition:1. vyd.
Collection:Ekonomické vědy v socialistických zemích 1-2/1982
Tags: Ajouter un tag
Pas de tags, Soyez le premier à ajouter un tag!

MARC

LEADER 00000nam a2200000 4500
001 c041873
005 20221220100057.2
041 0 |a cze 
044 |a CZ 
245 1 0 |a Teorie nedostatkové ekonomiky 3  |c J. Kornai 
250 |a 1. vyd. 
264 1 |a Praha  |b Ekon. ústav ČSAV  |c 1982 
300 |a 4 zv. 
490 1 |a Ekonomické vědy v socialistických zemích  |v 1-2/1982 
830 0 |a Ekonomické vědy v socialistických zemích  |v 1-2/1982 
100 1 |a Kornai, János